[Event "Wch U10 Girls"]
[Site "Batumi"]
[Date "2022.09.26"]
[Round "10"]
[White "Baruch, Amit"]
[Black "Xu, Luna Yuexiu"]
[Result "1/2-1/2"]
[WhiteElo "1153"]
[BlackElo "1421"]
[PlyCount "68"]
[EventDate "2022.09.16"]
[EventType "swiss"]
[EventRounds "11"]
[EventCountry "GEO"]
[SourceTitle "EXT 2023"]
[Source "ChessBase"]
[SourceDate "2022.10.05"]
[SourceVersion "1"]
[SourceVersionDate "2022.10.05"]
[SourceQuality "1"]

1. e4 c5 2. Nf3 d6 3. d4 cxd4 4. Nxd4 Nf6 5. Nc3 a6 6. Be3 e5 7. Nb3 Be6 8. Be2 Nbd7 9. f4 Be7 10. f5 Bxb3 11. axb3 b5 12. 0-0 b4 13. Nd5 Nxd5 14. Qxd5 a5 15. Bb5 0-0 16. Bxd7 Qxd7 17. Rxa5 Rxa5 18. Qxa5 Qb7 19. Qd5 Qa6 20. Qc4 Qb7 21. Ra1 Ra8 22. Ra4 Rc8 23. Rxb4 Qd7 24. Qd3 d5 25. Rb5 d4 26. Rxe5 Bf6 27. Rd5 Qc7 28. Bd2 h6 29. Kf2 Qxc2 30. Qxc2 Rxc2 31. Ke1 Rxb2 32. Rb5 Rb1+ 33. Ke2 Rb2 34. Ke1 Rb1+ 1/2-1/2

[Event "EU-ch Schools U11 Girls"]
[Site "Rhodes"]
[Date "2022.04.28"]
[Round "8"]
[White "Baruch, Amit"]
[Black "Kutateladze, Anastasia"]
[Result "0-1"]
[WhiteElo "1250"]
[BlackElo "1180"]
[PlyCount "104"]
[EventDate "2022.04.21"]
[EventType "swiss"]
[EventRounds "9"]
[EventCountry "GRE"]
[SourceTitle "CBM 208 Extra"]
[Source "ChessBase"]
[SourceDate "2022.07.31"]
[SourceVersion "1"]
[SourceVersionDate "2022.07.31"]
[SourceQuality "1"]

1. e4 c5 2. Nc3 e6 3. f4 Nc6 4. Nf3 d5 5. Bb5 d4 6. Bxc6+ bxc6 7. Ne2 Nf6 8. d3 Be7 9. 0-0 h5 10. h3 a5 11. a4 Ba6 12. b3 h4 13. Ne5 Qc7 14. Kh1 Bd6 15. Nf3 Be7 16. Ne5 Bd6 17. Nf3 Be7 18. Bb2 0-0-0 19. Qe1 Rde8 20. Rc1 Qb6 21. Ne5 Ref8 22. Qd1 Bd6 23. Nf3 Be7 24. c3 dxc3 25. Rxc3 Rd8 26. Qc2 c4 27. dxc4 Bb4 28. Rd3 Rxd3 29. Qxd3 Rd8 30. Qc2 Qe3 31. e5 Qe4 32. Qxe4 Nxe4 33. Kh2 c5 34. Nc1 Ng3 35. Rf2 Bb7 36. Ne2 Bxf3 37. Rxf3 Nxe2 38. Rf2 Rd2 39. Ba1 Ng3 40. Rxd2 Bxd2 41. Bb2 Kc7 42. Ba3 Kb6 43. Bb2 Bxf4 44. Kg1 Be3+ 45. Kh2 Nf1+ 46. Kh1 Nd2 47. Bc1 Nf1 48. Bb2 Bd4 49. Bc1 Bxe5 50. Bg5 Ng3+ 51. Kg1 Bf6 52. Bf4 Ne2+ 0-1

[Event "EU-ch Schools U11 Girls"]
[Site "Rhodes"]
[Date "2022.04.23"]
[Round "3"]
[White "Onipko, Kateryna"]
[Black "Baruch, Amit"]
[Result "1-0"]
[WhiteElo "1154"]
[BlackElo "1250"]
[PlyCount "93"]
[EventDate "2022.04.21"]
[EventType "swiss"]
[EventRounds "9"]
[EventCountry "GRE"]
[SourceTitle "CBM 208 Extra"]
[Source "ChessBase"]
[SourceDate "2022.07.31"]
[SourceVersion "1"]
[SourceVersionDate "2022.07.31"]
[SourceQuality "1"]

1. d4 d5 2. c4 e5 3. dxe5 d4 4. Nf3 Nc6 5. Bg5 Bb4+ 6. Nbd2 Nge7 7. a3 Bxd2+ 8. Qxd2 0-0 9. b4 Nxe5 10. Nxe5 f6 11. Bxf6 Rxf6 12. Nf3 Rd6 13. Rd1 Nc6 14. g3 Bg4 15. Bg2 Qd7 16. b5 Ne7 17. Ne5 Qe6 18. Nxg4 Qxg4 19. 0-0 c6 20. Qa2 Kh8 21. Rd2 Rad8 22. Rfd1 Nf5 23. bxc6 bxc6 24. c5 Rh6 25. e4 Ne7 26. Rxd4 Qxd1+ 27. Rxd1 Rxd1+ 28. Bf1 Rc1 29. Qf7 Ng8 30. Qxa7 Rh5 31. Kg2 Rhxc5 32. a4 Re5 33. Qd4 Rec5 34. e5 Rd5 35. Qe4 Rcc5 36. f4 Ra5 37. e6 Ra8 38. Bd3 Nf6 39. Qc4 Rc8 40. Qa6 Rcd8 41. Bf1 R5d6 42. Qc4 Nd5 43. Qe4 Re8 44. f5 Nf6 45. Qf4 Nh5 46. Qxd6 Nf6 47. Qxc6 1-0